Quit india! & other stories / (Record no. 146804)

MARC details
000 -LEADER
fixed length control field 00568nam a22001817a 4500
005 - DATE AND TIME OF LATEST TRANSACTION
control field 20171024122805.0
010 ## - LCCN (DPL NO)
LC control number ENG-121042
020 ## - INTERNATIONAL STANDARD BOOK NUMBER
Terms of availability 300.00
International Standard Book Number 9789385606137
035 ## - SYSTEM CONTROL NUMBER
System control number EN-104574
037 ## - SOURCE OF ACQUISITION
Source of stock number/acquisition DBAD/PUB
082 ## - DEWEY DECIMAL CLASSIFICATION NUMBER
Classification number S
100 ## - MAIN ENTRY--PERSONAL NAME
Personal name Chughtai, Ismat
245 ## - TITLE STATEMENT
Title Quit india! & other stories /
Statement of responsibility, etc by Ismat Chughtai ; translated by Tahira Naqvi
260 ## - PUBLICATION, DISTRIBUTION, ETC. (IMPRINT)
Place of publication, distribution, etc New Delhi
Name of publisher, distributor, etc Women Unlimited (an associate of kali for women)
Date of publication, distribution, etc 2017
270 ## - ADDRESS
Address 7/10 First Floor, Sarvapriya Vihar
City New Delhi
Postal code 110016
300 ## - PHYSICAL DESCRIPTION
Extent 143p.
Dimensions 22cm(pbk)
942 ## - ADDED ENTRY ELEMENTS (KOHA)
Source of classification or shelving scheme Dewey Decimal Classification
Item type English Books
Classification part N
Call number suffix CHU
Holdings
Withdrawn status Lost status Not for loan Collection code Home library Current library Date acquired Source of acquisition Cost, normal purchase price Full call number Barcode Copy number Cost, replacement price Koha item type
    Not For Loan Fiction D.B.Act.Division Bawana 24/10/2017 DBAD/PUB 300.00 N CHU EN-104574 1 300.00 English Books

© Delhi Public Library
Hit Counter
free hit counter